Movies At The Half-Way Mark - Statistics

General Stats
  • This quiz has been taken 29 times
  • The average score is 11 of 20
Answer Stats
Picture Answer % Correct
The Wizard Of Oz
100%
Star Wars
96%
The Green Mile
92%
Fight Club
76%
2001: A Space Odyssey
72%
Schindler's List
72%
Saving Private Ryan
68%
Se7en
56%
Inception
48%
Silence Of The Lambs
48%
The Departed
48%
Mad Max: Fury Road
44%
Memento
44%
12 Angry Men
36%
Shutter Island
36%
American History X
32%
Prisoners
28%
The Shawshank Redemption
28%
The Godfather Part II
20%
The Sound Of Music
8%
No matching quizzes found
Score Distribution
Percent of People with Each Score
Percentile by Number Answered
Your Score History
You have not taken this quiz